Teatro danés contemporáneo / (Record no. 128927)

MARC details
000 -LEADER
campo de control de longitud fija 01036nam a2200289 i 4500
001 - NÚMERO DE CONTROL
campo de control 128927
003 - IDENTIFICADOR DE NÚMERO DE CONTROL
campo de control ES-MaACL
005 - FECHA Y HORA DE LA ÚLTIMA TRANSACCIÓN
campo de control 20251013220233.0
007 - CAMPO FIJO DE DESCRIPCIÓN FÍSICA--INFORMACIÓN GENERAL
campo de control de longitud fija t|
008 - DATOS DE LONGITUD FIJA--INFORMACIÓN GENERAL
campo de control de longitud fija 070531s1962 sp ||||1| spa d
080 ## - NÚMERO DE LA CLASIFICACIÓN DECIMAL UNIVERSAL
Número de la Clasificación Decimal Universal 839.8-2"19"(082)
245 00 - MENCIÓN DEL TÍTULO
Título Teatro danés contemporáneo /
Mención de responsabilidad, etc. versiones de Josefa Sainz Pulido ... [et al.] ; prólogo de Víctor Auz.
260 ## - PUBLICACIÓN, DISTRIBUCIÓN, ETC.
Lugar de publicación, distribución, etc. Madrid :
Nombre del editor, distribuidor, etc. Aguilar,
Fecha de publicación, distribución, etc. 1962.
300 ## - DESCRIPCIÓN FÍSICA
Extensión 344 p. ;
Dimensiones 19 cm.
490 1# - MENCIÓN DE SERIE
Mención de serie Teatro contemporáneo
505 8# - NOTA DE CONTENIDO CON FORMATO
Nota de contenido con formato Contiene: La palabra / Kaf Munk . ¿Quién soy yo? / C.E. Soya . El fantasma de la reina / Kjeld Abell . El juez / H.C. Branner
650 #7 - PUNTO DE ACCESO ADICIONAL DE MATERIA--TÉRMINO DE MATERIA
Término de materia o nombre geográfico como elemento de entrada Teatro danés
Fuente del encabezamiento o término embne
9 (RLIN) 17337
700 1# - ENTRADA AGREGADA--NOMBRE PERSONAL
Nombre de persona Sainz Pulido, Josefa.
9 (RLIN) 101606
700 1# - ENTRADA AGREGADA--NOMBRE PERSONAL
Nombre de persona Auz, Víctor,
Fechas asociadas al nombre 1935-
9 (RLIN) 173073
700 1# - ENTRADA AGREGADA--NOMBRE PERSONAL
Nombre de persona Munk, Kaf.
9 (RLIN) 84208
700 1# - ENTRADA AGREGADA--NOMBRE PERSONAL
Nombre de persona Soya, Carl Erik.
9 (RLIN) 107613
700 1# - ENTRADA AGREGADA--NOMBRE PERSONAL
Nombre de persona Abell, Kjeld,
9 (RLIN) 18043
700 1# - ENTRADA AGREGADA--NOMBRE PERSONAL
Nombre de persona Branner, Hans Christian.
9 (RLIN) 31363
830 10 - PUNTO DE ACCESO ADICIONAL DE SERIE-TÍTULO UNIFORME
Título uniforme Teatro contemporáneo (Aguilar)
9 (RLIN) 186750
852 ## - LOCALIZACIÓN
Ubicación ES-MaACL
Número de control de estantería C-22070
Holdings
Estatus retirado Estado de pérdida Estado de daño No para préstamo Biblioteca de origen Biblioteca actual Ubicación en estantería Fecha de adquisición Fuente de adquisición Total de préstamos Signatura topográfica completa Código de barras Visto por última vez Precio de reemplazo Tipo de ítem Koha
        Biblioteca del Ateneo de Madrid Biblioteca del Ateneo de Madrid Galería 17/01/2008     C-22070 1134266 23/02/2023 23/02/2023 Libro impreso